Villes les plus peuplées 92 - Statistiques

Statistiques générales
  • Ce quiz a été pris 101 fois
  • Le résultat moyen est 6 sur 10
Statistiques - réponses
Hint Réponse % Correct
2 Nanterre
91%
1 Boulogne-Billancourt
72%
4 Colombe
62%
5 Courbevoie
54%
7 Issy-les-Moulineaux
54%
10 Antony
53%
6 Rueil-Malmaison
52%
9 Clichy
48%
8 Levallois-Perret
46%
3 Asnières-sur-Seine
40%
Aucun quiz correspondant
Distribution des résultats
% des personnes avec chaque résultat
Percentile par nombre de réponses
Votre historique - résultats
Vous n’avez pas pris ce quiz